ბათუმის შოთა რუსთაველის სახელმწიფო უნივერსიტეტის ბიბლიოთეკა

Из истории материального производства античного мира / (ბიბ.ჩანაწერი № 61182)

000 -LEADER
fixed length control field 00684nam a22001577a 4500
005 - DATE AND TIME OF LATEST TRANSACTION
control field 20231227170658.0
008 - FIXED-LENGTH DATA ELEMENTS--GENERAL INFORMATION
fixed length control field 231227s1935 ru ||||| |||| 00| 0 rus d
041 ## - LANGUAGE CODE
Language code of text/sound track or separate title rus
080 ## - UNIVERSAL DECIMAL CLASSIFICATION NUMBER
Universal Decimal Classification number 94(3) И-32
245 ## - TITLE STATEMENT
Title Из истории материального производства античного мира /
Statement of responsibility, etc. М. С. Альтман, Б.Н. Граков, О.О. Крюгер, С.А. Лясковский.
264 ## - PRODUCTION, PUBLICATION, DISTRIBUTION, MANUFACTURE, AND COPYRIGHT NOTICE
Place of production, publication, distribution, manufacture Москва-Ленинград :
Name of producer, publisher, distributor, manufacturer ОГИЗ,
Date of production, publication, distribution, manufacture, or copyright notice 1935.
300 ## - PHYSICAL DESCRIPTION
Extent 341 стр.:
Other physical details Илл. ;
Dimensions 23 см.
653 ## - INDEX TERM--UNCONTROLLED
keyword Ძველი მსოფლიო
653 ## - INDEX TERM--UNCONTROLLED
keyword Უძველესი საბერძნეთი
942 ## - ADDED ENTRY ELEMENTS (KOHA)
Source of classification or shelving scheme
Koha item type წიგნი
ეგზემპლარები
Withdrawn status Lost status Source of classification or shelving scheme Damaged status Not for loan Permanent Location Current Location Shelving location Date acquired Cost, normal purchase price Full call number Barcode Date last seen Copy number Price effective from Koha item type Public note
          ბათუმის შოთა რუსთაველის სახელმწიფო უნივერსიტეტის მთავარი ბიბლიოთეკა ბათუმის შოთა რუსთაველის სახელმწიფო უნივერსიტეტის მთავარი ბიბლიოთეკა წიგნსაცავი 2023-12-27 5.00 94(3) И-32 65708 2023-12-27 65708 2023-12-27 წიგნი 5 ლ.